Fábulas: Esopo, Fedro, Iriarte, Samaniego, Hartzenbusch
Guardat en:
| Format: | Llibre |
|---|---|
| Idioma: | espanyol |
| Publicat: |
Santiago
Andrés Bello
2000
|
| Edició: | 9a. ed |
| Matèries: | |
| Etiquetes: |
Afegir etiqueta
Sense etiquetes, Sigues el primer a etiquetar aquest registre!
|
MARC
| LEADER | 00000nam a2200000 a 4500 | ||
|---|---|---|---|
| 001 | UCH8527 | ||
| 003 | CL-VaPUC | ||
| 008 | 091127e20000200CL |||||||||||||||||spa|d | ||
| 020 | |a 9561311615 | ||
| 082 | 0 | 4 | |a 398.245 |b FAB |2 21 |
| 245 | 1 | 0 | |a Fábulas: Esopo, Fedro, Iriarte, Samaniego, Hartzenbusch |
| 250 | |a 9a. ed | ||
| 300 | |a 130 p | ||
| 942 | |c BK | ||
| 945 | |d 20091127 00:00:00 |a lazolas | ||
| 260 | |a Santiago |b Andrés Bello |c 2000 | ||
| 500 | |a Ilustrado por Andrés Jullian y Felipe Ruiz | ||
| 500 | |a Incluye guía de ejercicios | ||
| 650 | 7 | |a FABULAS ESPAÑOLAS |2 CL-VaPUC |9 315726 | |
| 650 | 7 | |a FABULAS GRIEGAS |2 CL-VaPUC |9 267876 | |
| 650 | 7 | |a FABULAS ROMANAS |2 CL-VaPUC |9 541979 | |
| 999 | |c 338738 |d 338736 | ||
| 583 | |k Rodrigo Vera | ||